Loading...
| Fine Arts - Auditory Fine Arts | 0 | 7 | 2 | 1 | 60 | 99 | 125.29 | 1 | 4 |
| Science - Physics | 0 | 3 | 0 | 1 | 30 | 56 | 90.00 | 0 | 2 |
| Science - Other Science | 1 | 2 | 2 | 1 | 25 | 11 | 79.33 | 1 | 2 |
| Social Science | 0 | 2 | 0 | 1 | 20 | 136 | 139.50 | 0 | 0 |
| Literature - American Literature | 0 | 2 | 0 | 0 | 20 | 111 | 130.50 | 0 | 2 |
| Science - Biology | 1 | 0 | 0 | 0 | 15 | 61 | 61.00 | 0 | 1 |
| Philosophy | 0 | 1 | 0 | 0 | 10 | 85 | 85.00 | 0 | 1 |
| Science - Chemistry | 0 | 1 | 0 | 0 | 10 | 126 | 126.00 | 0 | 0 |
| Literature - World Literature | 0 | 1 | 0 | 1 | 10 | 156 | 156.00 | 0 | 0 |
| History - Ancient History | 0 | 1 | 0 | 0 | 10 | 99 | 99.00 | 1 | 1 |
| Literature - British Literature | 0 | 0 | 1 | 0 | -5 | 0.00 | 0 | 0 |